Annalium Hagecianorum animadversionibus historico-chronologico-criticis emendatorum nec non diplomatibus, re genealogica, numaria, variique generis antiquis aeri incisis monumentis auctorum. Pars VI., Quae Bohemiae historiam ab anno Christi MXCIV. usque ad annum MCXCVIII. complectitur

Main Author: Hájek z Libočan, Václav, -1553
Other Authors: Dobner, Gelasius, 1719-1790, Jevina, Viktorin, 1672-1730
Language: German
Latin
Published: Pragae : Charactere Rosenmüller Heredum, 1782
Online Access: Digitalizovaný dokument (Exemplář z Národní knihovny ČR)
Physical Description: 26 nečíslovaných stran, 647 stran, 28 nečíslovaných stran, 1 nečíslovaná strana, 4 číslované přílohy ; 4°
Language note: Latinský text s německými slovy
Book
Saved in:
LEADER 03381nam a2200673 i 4500
001 mzk03001248763
003 CZ BrMZK
005 20180713113649.0
007 ta
008 180704s1782 xr f fr|||||00| ||latod
040 |a BOA001  |b cze  |e rda 
041 0 |a lat  |a ger 
043 |a e-xr--- 
072 7 |a 94(437)  |x Dějiny Česka a Slovenska  |2 Konspekt  |9 8 
072 7 |a 094  |x Staré tisky  |2 Konspekt  |9 12 
080 |a 93/94  |2 MRF 
080 |a 930  |2 MRF 
080 |a 025.171  |2 MRF 
080 |a 94(437.3)  |2 MRF 
080 |a (0.068)094  |2 MRF 
100 1 |a Hájek z Libočan, Václav,  |d -1553  |7 jk01033098  |4 aut 
245 1 0 |a Annalium Hagecianorum animadversionibus historico-chronologico-criticis emendatorum nec non diplomatibus, re genealogica, numaria, variique generis antiquis aeri incisis monumentis auctorum.  |n Pars VI.,  |p Quae Bohemiae historiam ab anno Christi MXCIV. usque ad annum MCXCVIII. complectitur  |c studio et opera P. Gelasii Dobner a S. Catharina scholarum piarum sacerdotis professi 
246 3 0 |a Quae Bohemiae historiam ab anno Christi MXCIV. usque ad annum MCXCVIII. complectitur 
246 3 8 |a P. GELASII ANNALIUM HAGECIANARUM. PARS VI. 
264 1 |a Pragae :  |b Charactere Rosenmüller Heredum,  |c 1782 
264 3 |b Mathia Glatz Factore 
300 |a 26 nečíslovaných stran, 647 stran, 28 nečíslovaných stran, 1 nečíslovaná strana, 4 číslované přílohy ;  |c 4° 
336 |a text  |b txt  |2 rdacontent 
337 |a bez média  |b n  |2 rdamedia 
338 |a svazek  |b nc  |2 rdacarrier 
500 |a Výzdoba: Nad impresem ozdobná linka, klišé, viněty, vlys, typografické ozdůbky, ozdobné linky, u strany 500 složená mědirytinová příloha (listina), na konci knihy 4 číslované mědirytinové přílohy (náhrobky a mince) 
500 |a Rozsah: [26], 647, [28] s., [1], 4 příl. 
500 |a Titulní list tištěn majuskulou 
546 |a Latinský text s německými slovy 
561 |a Provenience: [m.p.] Monasterii Braunensis 
561 |a Provenience: [razítko] S.A.B. BRAUNAU 
561 |a Provenience: [razítko] SVK HK/ 1680 
563 |a Usňová vazba, lepenkové desky potažené hovězinou, na hřbetu červený nápisový štítek se zlaceným slepotiskovým názvem, mezi vazy zlacený slepotiskový dekor, ořízka natřená červenou barvou 
590 |a Poškozeno vodou (mince) 
510 4 |a Knihopis,  |c K01962  |u https://aleph.nkp.cz/F/?func=direct&doc_number=000018321&local_base=KPS 
650 7 |a dějiny  |7 ph114390  |2 czenas 
650 7 |a historiografie  |7 ph114672  |2 czenas 
650 7 |a historické knihovní fondy  |7 ph172933  |2 czenas 
651 7 |a Česko  |x dějiny  |y 1094-1198  |7 ge128065  |2 czenas 
655 7 |a staré tisky  |7 fd422076  |2 czenas 
700 1 |a Dobner, Gelasius,  |d 1719-1790  |7 jk01022444  |4 edt 
700 1 |a Jevina, Viktorin,  |d 1672-1730  |7 jo2004042722  |4 trl 
856 4 2 |u http://books.google.cz/books?vid=NKP:1002302659&printsec=frontcover  |y Digitalizovaný dokument  |z Exemplář z Národní knihovny ČR 
903 |a RP 
910 |a NAG950  |b B - XXII. D. aa. 26,5 
978 |b Rosenmüller - dílna  |a Praha  |c 1782 
978 |b Glatz, Matěj  |a Praha  |c 1782 
982 0 |a Broumov - benediktinský klášter 
982 0 |a Hradec Králové - SVK 
984 |a Praha  |b Česko 
985 |a 1751-1800 
990 |a BK 
991 |k broumov 
980 |c 001771  |g B - XXII. D. aa. 26,5  |1 458950001771